Clampdown on clamps (Record no. 70696)
[ view plain ]
| 000 -LEADER | |
|---|---|
| fixed length control field | 01048cam a2200253 4500 |
| 001 - CONTROL NUMBER | |
| control field | ABS65660 |
| 008 - FIXED-LENGTH DATA ELEMENTS--GENERAL INFORMATION | |
| fixed length control field | 020710n2002 000 0 eng u |
| 035 ## - SYSTEM CONTROL NUMBER | |
| System control number | (Sirsi) u118755 |
| 100 ## - MAIN ENTRY--PERSONAL NAME | |
| Personal name | DeLaney, C. |
| 245 ## - TITLE STATEMENT | |
| Title | Clampdown on clamps |
| 260 ## - PUBLICATION, DISTRIBUTION, ETC. | |
| Date of publication, distribution, etc. | 2002 |
| 490 ## - SERIES STATEMENT | |
| Series statement | Estates Gazette |
| Volume/sequential designation | (0223) 8 June 2002, 116(1) |
| 520 ## - SUMMARY, ETC. | |
| Summary, etc. | The Private Security Act 2001 on wheel clamping was introduced on 11 May. By 2003 the provision of the act will ensure that the private security industry will be fully regulated. There will be specific provision to cover wheel clamping and property owners, occupiers and managers should be aware of the new legislation if they use clamping for property management. |
| 590 ## - LOCAL NOTE (RLIN) | |
| Local note | ABS |
| 650 ## - SUBJECT ADDED ENTRY--TOPICAL TERM | |
| Topical term or geographic name entry element | PRIVATE SECURITY INDUSTRY ACT 2001 |
| 650 ## - SUBJECT ADDED ENTRY--TOPICAL TERM | |
| Topical term or geographic name entry element | WHEEL CLAMPING |
| 650 ## - SUBJECT ADDED ENTRY--TOPICAL TERM | |
| Topical term or geographic name entry element | ARTHUR V ANKER |
| 650 ## - SUBJECT ADDED ENTRY--TOPICAL TERM | |
| Topical term or geographic name entry element | VINE V WALTHAM FOREST LBC |
| 650 ## - SUBJECT ADDED ENTRY--TOPICAL TERM | |
| Topical term or geographic name entry element | CRIMINAL RECORDS BUREAU |
| 650 ## - SUBJECT ADDED ENTRY--TOPICAL TERM | |
| Topical term or geographic name entry element | PRIVATE SECURITY INDUSTRY |
| 650 ## - SUBJECT ADDED ENTRY--TOPICAL TERM | |
| Topical term or geographic name entry element | SECURITY INDUSTRY AUTHORITY |
| 690 ## - LOCAL SUBJECT ADDED ENTRY--TOPICAL TERM (OCLC, RLIN) | |
| Topical term or geographic name as entry element | PROPERTY MANAGEMENT |
| 9 (RLIN) | 6262 |
| 942 ## - ADDED ENTRY ELEMENTS (KOHA) | |
| Suppress in OPAC | 0 |
| Withdrawn status | Lost status | Source of classification or shelving scheme | Damaged status | Not for loan | Home library | Current library | Shelving location | Date acquired | Total Checkouts | Full call number | Barcode | Date last seen | Copy number | Price effective from | Koha item type |
|---|---|---|---|---|---|---|---|---|---|---|---|---|---|---|---|
| Dewey Decimal Classification | London | London | Journal article | 10/07/2002 | ABS65660 | 118755-1001 | 06/08/2019 | 1 | 06/08/2019 | Journal article |